Statistics for Countries With The Tallest Women - With Exceptions

Click here to take the quiz!

General Stats

  • This quiz has been taken 34 times
  • The average score is 14 of 25

Answer Stats

Height (cm)Country% Correct
164.2Canada
96%
163.1United States
96%
164.6Australia
93%
164.5New Zealand
89%
163.3Argentina
81%
162.4Brazil
81%
164.4Jamaica
63%
165.7Barbados
56%
163.2Trinidad and Tobago
56%
162.8Uruguay
56%
166.9Dominica
52%
165.9Grenada
52%
163.8Samoa
52%
165.6Antigua and Barbuda
48%
164.1Fiji
48%
162.6Saint Kitts and Nevis
48%
165.4Saint Lucia
48%
165.2Saint Vincent and the Grenadines
48%
163.5Tuvalu
48%
166.0Tonga
44%
163.2Bahamas
41%
163.3Georgia
37%
162.2Turkmenistan
22%
163.6Lebanon
19%
163.9Senegal
15%

Score Distribution

Percentile by Number Answered

Percent of People with Each Score

Your Score History

You have not taken this quiz